| 000 | 00733nam a2200277Ia 4500 | ||
|---|---|---|---|
| 008 | 170203s9999 xx 000 0 und d | ||
| 020 | _a0 717295648 | ||
| 050 | _a0 30 | ||
| 050 | _bT374 2001 | ||
| 100 | _aFlanders, Julian. | ||
| 245 | 4 | _aThe story of music : | |
| 245 | _bGospel, blues, and jazz / | ||
| 245 | _ceditor, Julian Flanders. | ||
| 260 | _aDanbury : | ||
| 260 | _bBrown Partworks Ltd. | ||
| 260 | _c2001 | ||
| 300 | _a80 pages : | ||
| 300 | _billustrations (some color) ; | ||
| 300 | _c29 cm. | ||
| 440 | _aThe Story of Music. | ||
| 440 | _vvol. 5 | ||
| 500 | _aIncludes index. | ||
| 650 | _aMusic -- History and criticism -- | ||
| 650 | _xJuvenile literature. | ||
| 700 | _a0 717295591 (set) | ||
| 999 |
_c305915 _d305915 |
||